| 000 | 01167cam a2200337 a 4500 | ||
|---|---|---|---|
| 001 | 2874 | ||
| 005 | 20240119140234.0 | ||
| 020 | _a044842830X (pbk.) | ||
| 040 |
_aDLC _cDLC _dDLC _beng |
||
| 050 | 0 | 0 |
_aPS3573.I53145 _b 2002 |
| 082 | 0 | 0 | _a811.54 |
| 100 | 1 | _aWing, Natasha | |
| 245 | 1 | 4 |
_aThe night before summer vacation / _cby Natasha Wing ; illustrated by Julie Durrell. |
| 250 | _aFirst Scholastic printing, March 2003 | ||
| 260 |
_aNew York : _bScholastic , _c2002 |
||
| 300 |
_a29 unnumbered pages : _bcolor illustrations ; _c21 cm. |
||
| 490 | _a The Night Before | ||
| 505 | _aM | ||
| 520 | _aIn the style of Clement Moore's familiar Christmas poem, tells of a family's last minute preparations for summer vacation. | ||
| 521 |
_a530
_bLexile |
||
| 521 |
_aM
_bRaz-Plus |
||
| 650 | 0 |
_aFamily recreation _vJuvenile poetry. |
|
| 650 | 0 |
_aVacations _vJuvenile poetry. |
|
| 650 | 0 | _aChildren's poetry, American. | |
| 650 | 1 |
_aVacations _vPoetry. |
|
| 650 | 1 |
_aFamily life _vPoetry. |
|
| 650 | 1 | _aAmerican poetry. | |
| 700 | 1 |
_aDurrell, Julie _eillustrator |
|
| 906 |
_a7 _bcbc _corignew _d1 _eecip _f20 _gy-gencatlg |
||
| 942 |
_2ddc _cBK _n0 |
||
| 999 |
_c2874 _d2874 |
||